| 000 | 01086cam a2200313 a 4500 | ||
|---|---|---|---|
| 001 | 14559447 | ||
| 005 | 20170105102920.0 | ||
| 008 | 060920s2008 mauab b 001 0 eng | ||
| 010 | _a 2006935032 | ||
| 020 | _a9780618834235 (instructor's ed.) | ||
| 020 | _a0618834230 (instructor's ed.) | ||
| 020 | _a0618794247 (complete student text) | ||
| 020 | _a0618794255 (student text v. 1) | ||
| 020 | _a0618794263 (student text v. 2) | ||
| 020 | _a0618794271 (student text v. a) | ||
| 020 | _a061879428X (student text v. b) | ||
| 020 | _a0618794298 (student text v. c) | ||
| 040 |
_aDLC _cDLC |
||
| 050 | 0 | 0 |
_aCB245 _b.W4843 2008 |
| 245 | 0 | 0 |
_aWestern civilization : _bbeyond boundaries / _cThomas F.X. Noble ... [et al.]. |
| 250 | _a5th ed. | ||
| 260 |
_aBoston : _bHoughton Mifflin Co., _cc2008. |
||
| 300 |
_axxxii, 983, 20, 48 p. : _bill. (chiefly col.), col. maps ; _c29 cm. |
||
| 650 | 0 | _aCivilization, Western. | |
| 700 | 1 | _aNoble, Thomas F. X. | |
| 906 |
_a7 _bcbc _corignew _d3 _eepcn _f20 _gy-gencatlg |
||
| 942 |
_2ddc _cBK |
||
| 999 |
_c15557 _d15557 |
||